000 00322nam a2200133 i 4500
001 bg
100 1 _aTYCZYŃSKI, Józef
245 0 _aTechnika wytwarzania. :
_bSpawalnictwo /
_cJ. Tyczyński.
260 _aRzeszów,
_c1979.
040 _cBPK
041 _apol
942 _cKS
008 s pl f |000 0 pol
999 _c18898
_d18898
856 _uhttp://koha.tu.koszalin.pl/cgi-bin/koha/opac-detail.pl?biblionumber=18898
_yKatalog online BPK